Statistics for Most thanked people in Oscar history

Click here to take the quiz!

General Stats

  • This quiz has been taken 36 times
  • The average score is 2 of 12

Answer Stats

HintAnswer% Correct
19God
75%
42Steven Spielberg
47%
34Harvey Weinstein
25%
23George Lucas
22%
16Francis Ford Coppola
19%
28James Cameron
16%
22Peter Jackson
16%
15Martin Scorcese
13%
16Barrie Osborne
0%
18Fran Walsh
0%
15Saul Zaentz
0%
17Sheila Nevines
0%

Score Distribution

Percentile by Number Answered

Percent of People with Each Score

Your Score History

You have not taken this quiz